| 000 | 00811nam a2200241 a 4500 | ||
|---|---|---|---|
| 001 | BRCA_8265 | ||
| 005 | 20190320210213.0 | ||
| 008 | 060614s1878----sp-####f##---#001-0#spa-# | ||
| 041 | _aspa | ||
| 044 | _asp | ||
| 050 | 4 |
_aDP43.2 _b.L57 1878 |
|
| 100 | 1 |
_aLiske, Javier _920636 |
|
| 245 | 1 | 0 |
_aViajes de extranjeros por España y Portugal _ben los siglos XV, XVI y XVII _ccolección de Javier Liske ; traducidos del original y anotados por F. R. |
| 260 |
_aMadrid _bCasa Editora de Medina _c1878 |
||
| 300 |
_a267 p. _c19 cm. |
||
| 500 | _aEn lomo: J. Liske, Viajes | ||
| 500 | _aS25 | ||
| 651 | 4 |
_aEspaña _xDescripción y viajes _ySiglos XV, XVI y XVII _920637 |
|
| 651 | 4 |
_aPortugal _xDescripción y viajes _ySiglos XV, XVI y XVII _920638 |
|
| 700 | 1 |
_aF. R. _etr. _920639 |
|
| 902 | _aGFM | ||
| 942 |
_2lcc _cB |
||
| 999 |
_c7933 _d7933 |
||